000 01173nam a2200301 a 4500
001 000047384
003 DO-SdBNP
005 20250711112714.0
007 ta
008 180511s2009 dr a 000 m spa d
040 _aDO-SdBNP
_bspa
_cBNPHU
082 4 _aBNPHU 370
_bP895p
_222
100 1 _aLima, Dinorah de
_956863
245 1 0 _aPrácticas pedagógicas con libros de texto y diversas fuentes de información :
_bnivel básico, medio y adulto /
_cequipo interdisciplinario de la Dirección General de Currículo, Dinorah de Lima, Rosa VanderHorst.
260 _aSanto Domingo :
_bSecretaría de Estado de Educación,
_c2009.
300 _a56 p. :
_bil. ;
_c27 cm.
500 _aIncluye bibliografía e índices
504 _aBibliografía : p. 56
590 _aInventariado, 2019/LP
650 1 4 _aEducación de niños
_zRepública Dominicana
_978417
650 1 0 _aLibros de texto
_978418
650 1 4 _aPrácticas de la enseñanza
_zRepública Dominicana
_978419
700 1 _aLima, Dinorah de
_956863
700 1 _aVanderHorst, Rosa
_936833
710 2 _aSecretaría de Estado de Educación, República Dominicana
_919481
910 _aD/G
942 _2ddc
_cLBS1
999 _c46872
_d46872